000 01040nam0a22003011 4500
001 v19\rc\1667213
005 20070402110856.0
035 _a(NLR Aleph) 005242628
090 _a5720578
_c5720578
100 _a20061002d1892 |||y0rusy50 ca
101 1 _arus
_cger
102 _aRU
105 _ay z |||||
200 1 _aВ поисках за истиной
_e("Парадоксы")
_fМакс Нордау
_gПер. с 4-го нем. изд. Эл. Зауэр
205 _a3-е изд.
210 _aСанкт-Петербург
_cФ. Павленков
_d1892
215 _a[2], II, [4], 246 с.
_d19
517 0 _aПарадоксы
700 1 _aНордау
_bМ.
_f1849-1923
_gМакс
_3RU\NLR\AUTH\7747899
_7ca
702 1 _aЗауэр
_bЭ. Ф.
_gЭлеонора Ф.
_4730
801 0 _aRU
_bNLR
_c20061002
_gpsbo
801 0 _aRU
_bRuMoRGB
_c20061002
_2psbo
801 1 _aRU
_bProSoft-M
_c20061002
_2rusmarc
801 2 _aRU
_bNLR
_c20070402
_2rusmarc
852 _aNLR
_j18.131.5.43
852 _aNLR
_j129/5820
942 _cBOOK
980 _aNB